| 000 | 00435nam a22001697a 4500 | ||
|---|---|---|---|
| 005 | 20160502171806.0 | ||
| 008 | 160502b xxu||||| |||| 00| 0 eng d | ||
| 020 | _a0-7619-9800-4 | ||
| 041 | _aeng | ||
| 082 | _b1115 | ||
| 100 |
_aSandhu Singh Ranvider _9366 |
||
| 245 | _aUrbanization in India Soliological Contributions | ||
| 260 |
_aNew Delhi _bSage Publication, _c2003 |
||
| 300 | _a257 | ||
| 650 |
_aManagement _9241 |
||
| 942 | _cBK | ||
| 999 |
_c425 _d425 |
||